000 00556nam a22001937a 4500
003 LK-CoMWRAF
005 20231022135129.0
008 231022b |||||||| |||| 00| 0 eng d
020 _a0803990375
040 _aLK-CoMWRAF
_dLK-CoMWRAF
_eLK-CoMWRAF
041 _aeng
082 _a306.6
_bKUR
100 _aKurtz, Lester
245 _aGods in the gloabl village :
_bThe world's religions in sociological perspective
260 _aCalifornia :
_bSage publications,
_c1995
300 _a280p
650 _aReligions--Sociological perspective
942 _cBK
999 _c3981
_d3981